Jeux Olympiques 1912 - Pays participants - Statistiques

Statistiques générales
  • Ce quiz a été pris 50 fois
  • Le résultat moyen est 24 sur 28
Réponses sur la Carte
Les réponses sont colorées sur une échelle allant du rouge au vert en fonction du pourcentage des utilisateurs qui les ont devinées à leur premier essai. Vous pouvez retrouver ces pourcentages ci-dessous.
 
Statistiques - réponses
Nombre d'athlètes Pays % Correct
112 France
100%
187 Allemagne
98%
36 Canada
98%
174 Etats-Unis
98%
68 Italie
98%
279 Royaume-Uni
98%
26 Australasie
96%
191 Norvège
93%
159 Russie
93%
444 Suède
93%
07 Suisse
93%
36 Belgique
91%
152 Danemark
91%
164 Finlande
91%
22 Grèce
91%
02 Japon
91%
33 Pays-Bas
91%
11 Autriche
89%
21 Afrique du Sud
87%
02 Empire Ottoman
83%
06 Portugal
83%
119 Hongrie
80%
02 Islande
80%
01 Egypte
72%
21 Luxembourg
65%
02 Serbie
65%
39 Bohême
59%
14 Chili
59%
Aucun quiz correspondant
Distribution des résultats
% des personnes avec chaque résultat
Percentile par nombre de réponses
Votre historique - résultats
Vous n’avez pas pris ce quiz